Gran enciclopedia universal
Uloženo v:
| Médium: | Kniha |
|---|---|
| Jazyk: | španělština |
| Vydáno: |
Madrid
Cultural
1999
|
| Témata: | |
| Tagy: |
Přidat tag
Žádné tagy, Buďte první, kdo vytvoří štítek k tomuto záznamu!
|
MARC
| LEADER | 00000nam a2200000 a 4500 | ||
|---|---|---|---|
| 001 | UCP7029 | ||
| 003 | CL-VaPUC | ||
| 008 | 991126e19990000SP |||||||||||||||||spa|d | ||
| 082 | 0 | 4 | |a 030 |b GRA |2 21 |
| 245 | 1 | 0 | |a Gran enciclopedia universal |
| 300 | |a v | ||
| 942 | |c BK | ||
| 945 | |d 19991126 00:00:00 |a rbrito | ||
| 260 | |a Madrid |b Cultural |c 1999 | ||
| 650 | 0 | |a Enciclopedias |9 264135 | |
| 650 | 0 | |a Diccionarios |9 256200 | |
| 583 | |a last modification |c 19991126 00:00:00 |k Rodrigo Vera | ||
| 999 | |c 284394 |d 284392 | ||
| 952 | |0 0 |1 0 |4 0 |6 030_000000000000000_GRA_1999 |7 0 |8 F |9 328386 |a BIBMEC |b BIBMEC |d 2019-11-20 |h v.1 |i 3582175 |o 030 GRA 1999 |p 3582175 |r 2024-01-19 |w 2019-11-20 |y BK_F |k MEC | ||
| 952 | |0 0 |1 0 |4 0 |6 030_000000000000000_GRA_1999 |7 0 |8 F |9 328387 |a BIBMEC |b BIBMEC |d 2019-11-20 |h v.3 |i 3582191 |o 030 GRA 1999 |p 3582191 |r 2024-01-19 |w 2019-11-20 |y BK_F |k MEC | ||